000 00295nam a22001337a 4500
008 181107b xxu||||| |||| 00| 0 eng d
020 _a9780881791341
041 _aeng
080 _a610
100 _a4
101 _aSHM
245 _aAllergy, Relief & Prevention
_cKrohn, J
942 _2udc
_cBK
999 _c52226
_d52226